Normal view
MARC view
- Eckert, E. R. G
Entry Personal Name
001 - CONTROL NUMBER
- control field: 103856
003 - CONTROL NUMBER IDENTIFIER
- control field: NUST
005 - DATE AND TIME OF LATEST TRANSACTION
- control field: 20221201091648.0
008 - FIXED-LENGTH DATA ELEMENTS
- fixed length control field: 221201|| aca||aabn | a|a d
040 ## - CATALOGING SOURCE
- Original cataloging agency: NUST
- Transcribing agency: NUST
100 ## - HEADING--PERSONAL NAME
- Personal name: Eckert, E. R. G
670 ## - SOURCE DATA FOUND
- Source citation: Work cat.: (NUST)184026: Eckert, E. R. G., Heat and mass transfer / , 1981, c1959.
